The Himalayas in Indian Art. With illustrations

Guardado en:
Detalles Bibliográficos
Autor principal: Havel, E. B. (Autor)
Formato: Libro
Lenguaje:inglés
Publicado: Londres John Murray, Albemarle Street, W. 1924
Edición:1a. ed
Materias:
Etiquetas: Agregar Etiqueta
Sin Etiquetas, Sea el primero en etiquetar este registro!

MARC

LEADER 00000nam a2200000 a 4500
001 UCJ6396
003 CL-VaPUC
008 070124e19240000UK |||||||||||||||||eng|d
082 0 4 |a 710  |b HAV  |2 21 
100 0 |a Havel, E. B.  |e author  |9 512998 
245 1 4 |a The Himalayas in Indian Art. With illustrations 
250 |a 1a. ed 
300 |a xvi, 94 p 
942 |c BK 
945 |d 20070124 00:00:00  |a rinostro 
260 |a Londres  |b John Murray, Albemarle Street, W.  |c 1924 
500 |a Ilustraciones conforme a lo señalado en índice 
650 0 |a Arquitectura  |9 804558 
650 7 |a TEMPLOS  |2 CL-VaPUC  |9 266644 
650 0 |a Monumentos  |9 265246 
650 0 |a Danza  |9 328568 
650 7 |a RITOS Y CEREMONIAL  |2 CL-VaPUC  |9 512928 
650 0 |a Religión   |9 255164 
650 7 |a BUDISMO  |2 CL-VaPUC  |9 513000 
650 0 |a Ilustraciones  |9 369481 
651 0 |a India  |9 267804 
651 7 |a HIMALAYAS  |2 CL-VaPUC  |9 513001 
583 |a last modification  |c 20070124 00:00:00  |k Rodrigo Vera 
999 |c 322501  |d 322499 
952 |0 0  |1 0  |4 0  |6 710_000000000000000_HAV_1924  |7 0  |8 X  |9 401502  |a FDOBUD  |b FDOBUD  |d 2019-11-22  |i 104754K  |o 710 HAV 1924  |p 104754K  |r 2019-11-22  |w 2019-11-22  |y BK_X  |k BUD